| 000 | 005010000a22001090004500 | ||
|---|---|---|---|
| 100 | 1 | _aGómez, Lula | |
| 245 | 1 | 0 | _aArte servido en un plato |
| 300 | _aVol.0, núm.0 (2007), Páginas 28-29 | ||
| 520 | _aPerformance, teatralidad o investigación profunda han convertido a Adrià en uno de los mejores chef del mundo. Tanto es así que participó en uno de los eventos artísticos más importantes de Alemania, La Documenta de Kassel. | ||
| 773 | 0 | _tArcadia / Andrés Felipe Solano, Editor | |
| 942 | _cANA | ||
| 999 |
_c62322 _d62322 |
||